| 000 | 01158nam a2200229Ia 4500 | ||
|---|---|---|---|
| 999 |
_c43723 _d43723 |
||
| 001 | 10464 | ||
| 003 | GE_BSU | ||
| 005 | 20221222104802.0 | ||
| 008 | 181216s1981ge xx |||||||||||||| ||geo|| | ||
| 040 | _cGE_BSU | ||
| 041 | _ageo | ||
| 080 | _a821.353.1–3 ქ-27 | ||
| 245 |
_aქართული პროზა: _bწ.1:მეხუთე მეთერთმეტე საუკუნეების მწერლობა / _cშემდგ: გ. გვერდწითელი, ნ.ებრალიძე, რ.თვარაძე |
||
| 264 |
_aთბილისი : _bსაბჭოთა საქართველო, _c1981. |
||
| 300 |
_a587გვ; _b20ვსმ. |
||
| 653 | _aქართული პროზა: წ.1 | ||
| 653 | _a:მეხუთე მეთერთმეტე საუკუნეების მწერლობა | ||
| 700 |
_aგვერდწითელი, გ _eშემდგენელი _916517 |
||
| 700 |
_aებრალიძე, ნ _eშემდგენელი _916465 |
||
| 700 |
_aთვარაძე, რ _eშემდგენელი _914595 |
||
| 942 |
_cBK _2udc |
||